000 00329nam a2200145Ia 4500
100 _aMarathe/ Shalini
650 _aElectrical Engineering
942 _cBK
654 _aRadio
245 _aRadio problems simplified
260 _bMrs. shalini marathe
_aBombay
_c1979
082 _a621.38
300 _a179
546 _aENGLISH
999 _c30682
_d30682